Old House Eco Handbook (Record no. 115062)

MARC details
000 -LEADER
fixed length control field 00939cam a22002535a 4500
001 - CONTROL NUMBER
control field L157993
008 - FIXED-LENGTH DATA ELEMENTS--GENERAL INFORMATION
fixed length control field 130927s2013 xxk f 000 0 eng d
020 ## - INTERNATIONAL STANDARD BOOK NUMBER
International Standard Book Number 9780711232785
035 ## - SYSTEM CONTROL NUMBER
System control number (Sirsi) u157993
041 0# - LANGUAGE CODE
Language code of text/sound track or separate title eng
050 04 - LIBRARY OF CONGRESS CALL NUMBER
Classification number 696.9 $2 18
100 1# - MAIN ENTRY--PERSONAL NAME
Personal name Suhr, Marianne
245 00 - TITLE STATEMENT
Title Old House Eco Handbook
Remainder of title A practical guide to retrofitting for energy efficiency and sustainability.
260 ## - PUBLICATION, DISTRIBUTION, ETC.
Place of publication, distribution, etc. London
Name of publisher, distributor, etc. Francis Lincoln
Date of publication, distribution, etc. 2013
300 ## - PHYSICAL DESCRIPTION
Extent 191p, 27.5cm
500 ## - GENERAL NOTE
General note Published in Association with The Society for the Protection of Ancient Buildings
520 ## - SUMMARY, ETC.
Summary, etc. Considers how to make older houses (medieval and timberframed, Georgian, Victorian or Edwardian terraces) energy efficient and sustainable.
590 ## - LOCAL NOTE (RLIN)
Local note KA
651 #4 - SUBJECT ADDED ENTRY--GEOGRAPHIC NAME
Geographic name United Kingdom
690 ## - LOCAL SUBJECT ADDED ENTRY--TOPICAL TERM (OCLC, RLIN)
Topical term or geographic name as entry element Sustainability
9 (RLIN) 6271
690 ## - LOCAL SUBJECT ADDED ENTRY--TOPICAL TERM (OCLC, RLIN)
Topical term or geographic name as entry element ENVIRONMENTAL AND LAND CONSULTANCY-SUSTAINABILITY-SUSTAINABLE DEVELOPMENT
700 1# - ADDED ENTRY--PERSONAL NAME
Personal name Hunt, Roger
942 ## - ADDED ENTRY ELEMENTS (KOHA)
Suppress in OPAC 0
Holdings
Withdrawn status Lost status Source of classification or shelving scheme Damaged status Not for loan Home library Current library Shelving location Date acquired Total Checkouts Full call number Barcode Date last seen Copy number Price effective from Koha item type
    Dewey Decimal Classification     London London Folio 27/09/2013   F696.9 SUH 30075141 06/08/2019 1 06/08/2019 Book